000 00247nam a22000977a 4500
041 _aENG
100 _aRao. B.V
245 _aOperation And Mai nterane Of Glatrlcal Gquip Ment Vol 1
260 _aDelhi
_bMobia Promoters Lpublisters
_c1998
300 _a360
999 _c620
_d620